000 00416 a2200169 4500
005 20250613083912.0
020 _a978-0-07-304810-9
082 _a346.76 MCA
100 _aMcADAMS, T
245 _aLaw, Business and Society
250 _a8th Ed.
260 _aBoston
_bMcGraw-Hill Irwin
_c2007.
300 _axxi,830p.
_bindex
_c26 cm
700 _aNancy Neslund
700 _a Kristofer Neslund
942 _2ddc
_cBKS
999 _c3790
_d3790